Pocket book of technical writing for engineers and scientist
The focus of this text is to teach engineering students the skill of technical writing. It takes a project oriented approach and covers writing functions that are of particular use to the engineering student
保存先:
| 第一著者: | |
|---|---|
| フォーマット: | 図書 |
| 言語: | Undetermined |
| 出版事項: |
Boston, MA.
McGraw-Hill
2005
|
| 主題: | |
| タグ: |
タグ追加
タグなし, このレコードへの初めてのタグを付けませんか!
|
| Thư viện lưu trữ: | Trung tâm Học liệu Trường Đại học Cần Thơ |
|---|
| LEADER | 00793nam a2200217Ia 4500 | ||
|---|---|---|---|
| 001 | CTU_113012 | ||
| 008 | 210402s9999 xx 000 0 und d | ||
| 020 | |c 287600 | ||
| 082 | |a 808.0666 | ||
| 082 | |b F499 | ||
| 100 | |a Finkelstein, Leo | ||
| 245 | 0 | |a Pocket book of technical writing for engineers and scientist | |
| 245 | 0 | |c Leo Finkelstein | |
| 260 | |a Boston, MA. | ||
| 260 | |b McGraw-Hill | ||
| 260 | |c 2005 | ||
| 520 | |a The focus of this text is to teach engineering students the skill of technical writing. It takes a project oriented approach and covers writing functions that are of particular use to the engineering student | ||
| 650 | |a Technical writing | ||
| 650 | |x Handbooks, manuals, etc. | ||
| 904 | |i Minh | ||
| 980 | |a Trung tâm Học liệu Trường Đại học Cần Thơ | ||